[Event "52nd World Juniors 2013"]
[Site "Kocaeli TUR"]
[Date "2013.09.22"]
[Round "9.34"]
[White "Franklin, Samuel G A"]
[Black "Tomazini, Aljosa"]
[Result "0-1"]
[WhiteTitle "FM"]
[BlackTitle "FM"]
[WhiteElo "2353"]
[BlackElo "2251"]
[WhiteFideId "468576"]
[BlackFideId "14608154"]
[EventDate "2013.09.13"]

1. e4 e5 2. Nf3 Nc6 3. Bb5 a6 4. Ba4 Nge7 5. O-O g6 6. c3 Bg7 7. d4 exd4 8. cxd4
b5 9. Bc2 O-O 10. d5 Na5 11. Nbd2 c5 12. Rb1 d6 13. b3 c4 14. b4 Nb7 15. Re1 a5
16. a3 axb4 17. axb4 Ra2 18. Nf1 Bg4 19. Ne3 Bxf3 20. Qxf3 Nc8 21. Re2 Qf6 22.
Qxf6 Bxf6 23. Ng4 Bc3 24. f4 Nb6 25. Be3 Nd7 26. e5 f5 27. exf6 Nxf6 28. Nxf6+
Bxf6 29. Rf2 Re8 30. Bb6 Ra6 0-1

[Event "52nd World Juniors 2013"]
[Site "Kocaeli TUR"]
[Date "2013.09.22"]
[Round "9.36"]
[White "Nuri, Murad"]
[Black "Asgarizadeh, Ahmad"]
[Result "1-0"]
[WhiteElo "2206"]
[BlackElo "2354"]
[WhiteFideId "13404474"]
[BlackFideId "12505684"]
[EventDate "2013.09.13"]

1. Nf3 d5 2. c4 dxc4 3. Na3 Nf6 4. Nxc4 c5 5. g3 g6 6. Bg2 Bg7 7. O-O O-O 8. d4
Na6 9. dxc5 Nxc5 10. Be3 Nce4 11. Qa4 Be6 12. Rac1 Qd5 13. Nd4 Bd7 14. Qa5 Qxa5
15. Nxa5 b6 16. Nac6 Rfe8 17. Ne5 Rad8 18. Ndc6 Bxc6 19. Nxc6 Rd7 20. Rfd1 Nd6
21. b4 Kf8 22. a4 Rc8 23. b5 Rcc7 24. Bh3 e6 25. Ne5 Re7 26. Nc6 Red7 27. Nb8
Rxc1 28. Nxd7+ Nxd7 29. Bxc1 Ke7 30. Ba3 Nc5 31. Bf1 Be5 32. f4 Bg7 33. e3 Nde4
34. Rd4 Nd6 35. Bxc5 bxc5 36. Rd1 Bc3 37. Kf2 Bb4 38. Rc1 Kd7 39. Bd3 Kc7 40. e4
Kb6 41. e5 Nc8 42. Be4 Ka5 43. Bc6 Nb6 44. Ra1 Bc3 45. Ra2 Bd4+ 46. Ke2 c4 47.
Rd2 Bc3 48. Rd8 Bb4 49. Kd1 Kxa4 50. Kc2 Ka3 51. Rh8 Nd5 52. Rxh7 Ne3+ 53. Kb1
c3 54. Be4 Kb3 55. Rxf7 c2+ 56. Bxc2+ Nxc2 57. Rxa7 Bd2 58. b6 Be3 59. Ra2 Na3+
60. Rxa3+ Kxa3 61. b7 Ba7 62. h4 1-0

[Event "52nd World Juniors 2013"]
[Site "Kocaeli TUR"]
[Date "2013.09.22"]
[Round "9.37"]
[White "Kathmale, Sameer"]
[Black "Soysal, Serkan"]
[Result "1/2-1/2"]
[WhiteElo "2339"]
[BlackElo "2097"]
[WhiteFideId "5024498"]
[BlackFideId "6349250"]
[EventDate "2013.09.13"]

1. e4 e5 2. Nf3 Nc6 3. Bb5 a6 4. Ba4 Nge7 5. c3 g6 6. d4 exd4 7. cxd4 b5 8. Bb3
Bg7 9. d5 Na5 10. Bd2 Nxb3 11. axb3 O-O 12. Bc3 d6 13. O-O Bb7 14. Bxg7 Kxg7 15.
Nc3 Qd7 16. Qd4+ Kg8 17. Rfe1 c6 18. dxc6 Bxc6 19. Rad1 Rad8 20. Qf6 Qc7 21. Ng5
h6 22. Re3 Nc8 23. Nd5 Bxd5 24. exd5 Rde8 25. Ne4 Re5 26. f4 Qb6 27. fxe5 Qxe3+
28. Nf2 Qxe5 29. Qxe5 dxe5 30. Ng4 Nd6 31. Ra1 Rd8 32. Rxa6 Ne4 33. Ne3 Rc8 34.
Rc6 Ra8 35. g3 Ra1+ 36. Kg2 Rb1 37. Rc2 f5 38. h4 Re1 39. Kf3 Rg1 40. Rc8+ Kf7
41. h5 Rxg3+ 42. Ke2 f4 43. Rc7+ Kf8 44. Nf1 Rxb3 45. hxg6 f3+ 46. Kd1 Rd3+ 47.
Ke1 Kg8 48. Nh2 h5 49. Rd7 f2+ 50. Ke2 Rh3 51. Nf1 Rb3 52. d6 Rxb2+ 53. Ke3 Nd2
54. Kxf2 Nxf1+ 55. Kxf1 Rd2 56. Re7 Rxd6 57. Rxe5 1/2-1/2

[Event "52nd World Juniors 2013"]
[Site "Kocaeli TUR"]
[Date "2013.09.22"]
[Round "9.38"]
[White "Benitez Lozano, Javier"]
[Black "Meftahi, Houssem"]
[Result "1-0"]
[WhiteTitle "CM"]
[WhiteElo "2308"]
[BlackElo "2076"]
[WhiteFideId "5102472"]
[BlackFideId "5501660"]
[EventDate "2013.09.13"]

1. e4 c5 2. Nf3 Nc6 3. d4 cxd4 4. Nxd4 Nf6 5. Nc3 e5 6. Ndb5 d6 7. Bg5 a6 8. Na3
b5 9. Nd5 Be7 10. Bxf6 Bxf6 11. c4 b4 12. Nc2 Rb8 13. Qd3 Bg5 14. g3 Be6 15. Bg2
O-O 16. O-O a5 17. b3 Qd7 18. Nde3 Bd8 19. Rad1 Bc7 20. Rd2 Ne7 21. f4 f6 22. h4
Rbd8 23. f5 Bf7 24. Rfd1 Qc6 25. g4 Bb6 26. Kh2 Bc5 27. Bf3 a4 28. Rg2 Ra8 29.
g5 fxg5 30. hxg5 axb3 31. axb3 Ra2 32. Rdd2 Ra7 33. Rg3 Qb6 34. Rdg2 g6 35. Ng4
Kh8 36. Rh3 gxf5 37. exf5 Bg6 38. fxg6 Nf5 39. Nf6 Ne3 40. g7+ 1-0

[Event "52nd World Juniors 2013"]
[Site "Kocaeli TUR"]
[Date "2013.09.22"]
[Round "9.39"]
[White "Gaehwiler, Gabriel"]
[Black "Gundogan, Cem"]
[Result "1-0"]
[WhiteElo "2287"]
[BlackElo "2072"]
[WhiteFideId "1314530"]
[BlackFideId "6311032"]
[EventDate "2013.09.13"]

1. e4 e6 2. Nf3 d5 3. e5 c5 4. b4 cxb4 5. a3 Nh6 6. axb4 Bxb4 7. c3 Be7 8. d4
Nf5 9. Bd3 Nc6 10. h4 h5 11. Bxf5 exf5 12. Bg5 f6 13. exf6 gxf6 14. Bf4 Kf7 15.
Ng1 Qb6 16. Ne2 Nd8 17. O-O Ne6 18. c4 dxc4 19. Nbc3 Nxf4 20. Nxf4 Bd6 21. Qf3
Qxd4 22. Nb5 Qxf4 23. Qd5+ Kg6 24. Nxd6 Qe5 25. Qf7+ Kh6 26. Rfe1 Qxd6 27. Re7
Qxe7 28. Qxe7 Kg6 29. f4 Rh7 30. Qe8+ Kh6 31. Ra3 1-0

[Event "52nd World Juniors 2013"]
[Site "Kocaeli TUR"]
[Date "2013.09.22"]
[Round "9.40"]
[White "Vucic, Mihovil"]
[Black "Tomazini, Zan"]
[Result "0-1"]
[BlackTitle "FM"]
[WhiteElo "2063"]
[BlackElo "2277"]
[WhiteFideId "14514990"]
[BlackFideId "14608162"]
[EventDate "2013.09.13"]

1. e4 c5 2. Nf3 g6 3. c3 d5 4. exd5 Qxd5 5. d4 Bg7 6. Be3 Nf6 7. dxc5 Qxd1+ 8.
Kxd1 Ng4 9. Nbd2 O-O 10. Bc4 Nxe3+ 11. fxe3 Nd7 12. Nb3 Nf6 13. Ke2 Bg4 14. Rhg1
Rac8 15. h3 Bd7 16. Rad1 Ba4 17. Ne5 Ne4 18. Nd3 e6 19. Kf3 Ng5+ 20. Ke2 b5 21.
cxb6 Rxc4 22. bxa7 Ne4 23. Nb4 Rc7 24. Kf3 f5 25. Ra1 Rxa7 26. Nd4 Rd8 27. b3 e5
28. Ne2 Nxc3 29. bxa4 e4+ 30. Kf2 Rd2 31. Rae1 Rxa4 32. a3 Rxa3 33. g4 Rb3 34.
Nc6 Rbb2 35. gxf5 Nxe2 36. Rg4 Nd4+ 0-1

[Event "52nd World Juniors 2013"]
[Site "Kocaeli TUR"]
[Date "2013.09.22"]
[Round "9.41"]
[White "Chu, Wei Chao"]
[Black "Mamyrbay, Assad"]
[Result "1-0"]
[WhiteElo "2270"]
[BlackElo "1823"]
[WhiteFideId "8605661"]
[BlackFideId "13708880"]
[EventDate "2013.09.13"]

1. d4 d5 2. c4 e6 3. Nf3 Nf6 4. g3 Bb4+ 5. Bd2 Bxd2+ 6. Nbxd2 O-O 7. Bg2 b6 8.
cxd5 exd5 9. Rc1 Na6 10. O-O Bb7 11. Qc2 c5 12. dxc5 bxc5 13. a3 Qe7 14. e3 Rac8
15. Rfd1 Rfd8 16. Qa4 c4 17. b4 c3 18. Nb1 Ne4 19. Nd4 Rc4 20. Bxe4 Nc5 21.
Bxh7+ Kxh7 22. Qc2+ Ne4 23. f3 Qg5 24. Re1 Rdc8 25. fxe4 dxe4 26. Qf2 Kg8 27.
Rc2 Rxd4 28. exd4 e3 29. Rxe3 Qd5 30. Rf3 Qxf3 31. Qxf3 Bxf3 32. Rxc3 Rxc3 33.
Nxc3 Kf8 34. d5 Ke7 35. Kf2 Bh1 36. Ke3 Kd6 37. Kd4 a6 38. Ne4+ Kd7 39. Nd2 Bg2
40. Kc5 Kc7 41. a4 1-0

[Event "52nd World Juniors 2013"]
[Site "Kocaeli TUR"]
[Date "2013.09.22"]
[Round "9.42"]
[White "Emiroglu, Cankut"]
[Black "Karabayir, Mustafa Yilmaz"]
[Result "1-0"]
[WhiteTitle "CM"]
[WhiteElo "2260"]
[BlackElo "1926"]
[WhiteFideId "6306659"]
[BlackFideId "6300090"]
[EventDate "2013.09.13"]

1. e4 e5 2. Bc4 Nf6 3. d3 c6 4. Nf3 d5 5. Bb3 Bd6 6. Nc3 dxe4 7. Ng5 O-O 8.
Ngxe4 Nxe4 9. Nxe4 Be7 10. Qh5 Nd7 11. O-O Qc7 12. Re1 Nf6 13. Nxf6+ Bxf6 14.
Bg5 g6 15. Qh4 Bg7 16. Bf6 Re8 17. f4 Qb6+ 18. Kh1 Qd4 19. fxe5 Qxh4 20. Bxh4
Rxe5 21. Rxe5 Bxe5 22. Re1 Bxb2 23. Re8+ Kg7 24. Re7 Bf5 25. Rxf7+ Kh6 26. Rxb7
a5 27. Be1 Re8 28. Bxa5 Re2 29. h3 Bd4 30. Rf7 Rf2 31. g4 Rf1+ 32. Kh2 1-0

[Event "52nd World Juniors 2013"]
[Site "Kocaeli TUR"]
[Date "2013.09.22"]
[Round "9.45"]
[White "Yurtseven, Melih"]
[Black "Temizkan, Denizcan"]
[Result "1/2-1/2"]
[WhiteElo "2262"]
[BlackElo "1921"]
[WhiteFideId "6312160"]
[BlackFideId "6325157"]
[EventDate "2013.09.13"]

1. e4 e5 2. Nf3 Nc6 3. d4 exd4 4. Bc4 Nf6 5. e5 d5 6. Bb5 Ne4 7. O-O Bc5 8. Nxd4
Bd7 9. Bxc6 bxc6 10. Be3 Bb6 11. Nd2 Nxd2 12. Qxd2 O-O 13. Nb3 Qe7 14. Qc3 f6
15. f4 fxe5 16. fxe5 Rxf1+ 17. Rxf1 Re8 18. Bc5 h6 19. Re1 Qh4 20. Kh1 Bf5 21.
a4 Bxc2 22. Nd4 Be4 23. Bxb6 cxb6 24. Nf3 Bxf3 25. gxf3 Re6 26. b3 Qf2 27. Qe3
Qxe3 28. Rxe3 d4 29. Re4 c5 30. f4 g6 31. Kg2 Kf7 32. Kf3 Re8 33. Re2 Ke6 34.
Ke4 Rd8 35. Rg2 Kf7 36. Rd2 Ke6 37. Rg2 Kf7 38. Rd2 a6 39. h4 h5 40. Rd1 Ke6 41.
Rg1 Kf7 42. Rc1 Ke6 43. Rg1 Kf7 44. Kd3 b5 45. axb5 axb5 46. Rc1 Rd5 47. Ke4 Ke6
48. Rd1 Rd8 49. b4 c4 50. Rxd4 1/2-1/2

[Event "52nd World Juniors 2013"]
[Site "Kocaeli TUR"]
[Date "2013.09.22"]
[Round "9.46"]
[White "Karaokcu, Erkin"]
[Black "Neves, Pedro"]
[Result "1-0"]
[WhiteElo "2014"]
[BlackElo "2212"]
[WhiteFideId "6348459"]
[BlackFideId "1905554"]
[EventDate "2013.09.13"]

1. Nf3 g6 2. d4 Nf6 3. c4 Bg7 4. Nc3 O-O 5. g3 d5 6. cxd5 Nxd5 7. Bg2 c5 8. O-O
Nxc3 9. bxc3 Qa5 10. Bg5 cxd4 11. Bxe7 dxc3 12. Bxf8 Bxf8 13. Nd4 Na6 14. Rc1
Ba3 15. Rb1 Bb2 16. Qb3 Nc5 17. Qc4 Be6 18. Nxe6 Nxe6 19. Bxb7 Rb8 20. Bd5 Rb6
21. e4 Kg7 22. Bxe6 Rxe6 23. Rfc1 Qe5 24. Rc2 g5 25. Qd5 Qxe4 26. Qxe4 Rxe4 27.
f3 Rb4 28. Kf2 a5 29. Ke3 a4 30. Kd3 a3 31. Re1 Rb6 32. Re4 Rf6 33. Ke3 Rc6 34.
f4 gxf4+ 35. Rxf4 Kg6 36. Kd3 Rd6+ 37. Kc4 f5 38. Kc5 Rd1 39. Kc4 Rd8 40. Rd4
Rc8+ 41. Kd3 Kg5 42. Rd5 Kf6 43. Rf2 Ke6 44. Rb5 Rf8 45. Kc2 Rf7 46. Rb6+ Kd5
47. Rf4 Ke5 48. Rb5+ Ke6 49. g4 fxg4 50. Rb6+ 1-0

[Event "52nd World Juniors 2013"]
[Site "Kocaeli TUR"]
[Date "2013.09.22"]
[Round "9.47"]
[White "Yargici, Mazhar Kutay"]
[Black "Koksal, Ege"]
[Result "0-1"]
[BlackTitle "CM"]
[WhiteElo "1970"]
[BlackElo "2207"]
[WhiteFideId "6310400"]
[BlackFideId "6317626"]
[EventDate "2013.09.13"]

1. d4 Nf6 2. c4 e6 3. Nc3 Bb4 4. e3 O-O 5. Bd3 c5 6. Nf3 b6 7. O-O Bb7 8. Na4
cxd4 9. exd4 d5 10. b3 Nbd7 11. Bb2 Qe7 12. Qe2 Rac8 13. Nc3 Rfd8 14. a3 Bd6 15.
Rfe1 Nf8 16. Nb5 Bb8 17. a4 Ng6 18. g3 a6 19. Nc3 Qb4 20. Rab1 Rc7 21. Ne5 Ne7
22. g4 Nc6 23. Nxc6 Rxc6 24. g5 Qd6 25. Qe5 dxc4 26. Qxd6 Rcxd6 27. Bxc4 Nh5 28.
Ne4 R6d7 29. Rbd1 Nf4 30. h4 Ng6 31. h5 Ne5 32. Re3 Nxc4 33. bxc4 Bf4 34. Re2
Rc8 35. h6 Rxc4 36. hxg7 Bxe4 37. Rxe4 Bxg5 38. Rg4 Bf6 39. Rd3 h5 40. Rg2 Rb4
41. Rd2 Bxg7 42. f3 Kh7 43. d5 Bxb2 44. dxe6 Rxd2 45. e7 Bd4+ 46. Kh2 Rxg2+ 47.
Kxg2 Rb2+ 48. Kf1 Rf2+ 0-1

[Event "52nd World Juniors 2013"]
[Site "Kocaeli TUR"]
[Date "2013.09.22"]
[Round "9.48"]
[White "Zor, Alber Kadir"]
[Black "Pecurica, Milos"]
[Result "0-1"]
[WhiteElo "1948"]
[BlackElo "2190"]
[WhiteFideId "6353169"]
[BlackFideId "944963"]
[EventDate "2013.09.13"]

1. e4 e5 2. Nf3 Nc6 3. Bc4 Bc5 4. c3 Nf6 5. d4 exd4 6. cxd4 Bb4+ 7. Nc3 Nxe4 8.
O-O Bxc3 9. d5 Bf6 10. Re1 Ne7 11. Rxe4 d6 12. Bg5 Bxg5 13. Nxg5 h6 14. Qe2 Bf5
15. Bb5+ Kf8 16. Re3 hxg5 17. Re1 c6 18. Rxe7 cxb5 19. Qf3 Bg6 20. Qe3 Rh4 21.
g3 Rc4 22. Qxg5 Re4 23. R1xe4 Bxe4 24. Qh4 Bh7 25. Rxb7 Qxh4 26. gxh4 a6 27. Rd7
Be4 28. Rxd6 Ke7 29. Rb6 Bxd5 30. b3 Rc8 31. h3 Rc6 32. Rb7+ Kd6 33. Ra7 Ke5 0-1

[Event "52nd World Juniors 2013"]
[Site "Kocaeli TUR"]
[Date "2013.09.22"]
[Round "9.49"]
[White "Zeydan, Salih"]
[Black "Igonin, Temur"]
[Result "1/2-1/2"]
[BlackTitle "FM"]
[WhiteElo "1968"]
[BlackElo "2074"]
[WhiteFideId "6361722"]
[BlackFideId "14203049"]
[EventDate "2013.09.13"]

1. e4 e5 2. Nf3 Nc6 3. Bb5 a6 4. Ba4 Nf6 5. O-O Be7 6. Re1 b5 7. Bb3 O-O 8. a4
Bb7 9. d3 d6 10. Nc3 b4 11. Ne2 Na5 12. Ba2 c5 13. Ng3 Bc8 14. h3 Rb8 15. Nd2
Re8 16. Nc4 Nc6 17. f4 Bf8 18. f5 d5 19. Nd2 dxe4 20. dxe4 Qd4+ 21. Kh2 Bb7 22.
Qe2 Rbd8 23. Nf3 Qd7 24. Bc4 Nd4 25. Nxd4 cxd4 26. Bxa6 Bxa6 27. Qxa6 Ra8 28.
Qc4 Rxa4 29. Rxa4 Qxa4 30. Bg5 Be7 31. c3 Rd8 32. cxd4 Rxd4 33. Qc7 Rd7 34. Qb6
h6 35. Be3 Qc2 36. Re2 Qc4 37. Bf2 Rd3 38. Re3 Rd2 39. Be1 Rxb2 40. Qb8+ Kh7 41.
Qxe5 Qa2 42. Nf1 Rxg2+ 43. Kh1 b3 44. Rxb3 Qe2 45. Qb5 Qxe4 46. Qb7 Re2+ 47.
Qxe4 Nxe4 48. Re3 Rxe3 49. Nxe3 Nd6 50. Bg3 Ne4 51. Bf4 Bc5 52. Nd5 Kg8 53. Kg2 1/2-1/2

[Event "52nd World Juniors 2013"]
[Site "Kocaeli TUR"]
[Date "2013.09.22"]
[Round "9.50"]
[White "Du Plessis, Heinco"]
[Black "Kitir, Ahmet"]
[Result "1-0"]
[WhiteElo "2050"]
[BlackElo "1866"]
[WhiteFideId "14306263"]
[BlackFideId "6327737"]
[EventDate "2013.09.13"]

1. e4 c5 2. Nf3 Nc6 3. d4 cxd4 4. Nxd4 Qb6 5. Nc3 e6 6. Nb3 Nf6 7. Bd3 a6 8. O-O
Be7 9. Qe2 d6 10. Kh1 h5 11. f4 Ng4 12. Bd2 Bd7 13. Rae1 Nb4 14. e5 d5 15. Qf3
g6 16. Re2 Rc8 17. a3 Nxd3 18. Qxd3 Rc4 19. Bc1 Bh4 20. g3 Be7 21. h3 Nh6 22.
Be3 Qc7 23. Nd4 b5 24. Na2 Qb7 25. Rg2 Nf5 26. b3 Nxe3 27. Qxe3 Rc8 28. b4 Rc4
29. Nc1 a5 30. Ncb3 axb4 31. Na5 Qb6 32. Nxc4 dxc4 33. axb4 Bxb4 34. c3 Bc5 35.
Rd2 O-O 36. g4 Bc6+ 37. Kh2 hxg4 38. hxg4 Kg7 39. f5 Rh8+ 40. Kg3 Bd5 41. fxe6
Qd8 42. Rxf7+ Kg8 43. Rf6 Rh1 44. Rh2 Qc7 45. Rxh1 Bxh1 1-0

[Event "52nd World Juniors 2013"]
[Site "Kocaeli TUR"]
[Date "2013.09.22"]
[Round "9.52"]
[White "Pon, Matt"]
[Black "Aydin, Hasan Bora"]
[Result "1-0"]
[WhiteTitle "FM"]
[WhiteElo "1919"]
[BlackElo "1848"]
[WhiteFideId "14301644"]
[BlackFideId "6336612"]
[EventDate "2013.09.13"]

1. d4 Nf6 2. Nf3 e6 3. Nbd2 c5 4. e3 cxd4 5. exd4 Be7 6. Bd3 b6 7. O-O Bb7 8.
Qe2 O-O 9. c3 d6 10. a4 Nbd7 11. Nc4 Re8 12. Re1 Nf8 13. a5 b5 14. Ncd2 a6 15.
Ne4 Nd5 16. Ng3 Ng6 17. Qf1 Qd7 18. Bd2 Ngf4 19. Be4 f5 20. Bc2 h5 21. Bb3 g6
22. Ne2 g5 23. Nxf4 gxf4 24. Qe2 Kf7 25. Bxd5 Bxd5 26. Bxf4 Rg8 27. g3 Rg4 28.
h3 Rxf4 29. gxf4 Rg8+ 30. Kh2 Qc6 31. Ng5+ Bxg5 32. fxg5 Rxg5 33. Rg1 Bg2 34.
Qe3 Rg6 35. Rae1 Qd5 36. f4 Qe4 37. Qf2 1-0

[Event "52nd World Juniors 2013"]
[Site "Kocaeli TUR"]
[Date "2013.09.22"]
[Round "9.53"]
[White "Cingoz, Ozan"]
[Black "Baasansuren, Erdene"]
[Result "1/2-1/2"]
[BlackTitle "CM"]
[WhiteElo "1918"]
[BlackElo "1844"]
[WhiteFideId "6333397"]
[BlackFideId "4902084"]
[EventDate "2013.09.13"]

1. d4 d5 2. Nf3 e6 3. Bf4 Nf6 4. e3 Bd6 5. Ne5 O-O 6. Nd2 c5 7. c3 Nc6 8. Bg3
Qc7 9. f4 Ne4 10. Nxe4 dxe4 11. Be2 f5 12. O-O Ne7 13. Nc4 Nd5 14. Nxd6 Qxd6 15.
Bf2 b6 16. c4 Nf6 17. dxc5 Qxc5 18. Qd4 Nd7 19. Rfd1 Re8 20. Be1 e5 21. fxe5
Qxe5 22. Bc3 Qxd4 23. Rxd4 Ne5 24. Rd5 Nf7 25. b3 Be6 26. Rd4 Rac8 27. a4 Rc6
28. Bb4 Ne5 29. Rad1 Rcc8 30. Ba3 Nc6 1/2-1/2

[Event "52nd World Juniors 2013"]
[Site "Kocaeli TUR"]
[Date "2013.09.22"]
[Round "9.54"]
[White "Atay, Sergen"]
[Black "Sahin, Ozgun"]
[Result "0-1"]
[WhiteElo "1713"]
[BlackElo "1857"]
[WhiteFideId "6309143"]
[BlackFideId "6328121"]
[EventDate "2013.09.13"]

1. c4 e5 2. Nc3 c6 3. Nf3 d6 4. g3 Nf6 5. d3 Be6 6. Bg2 Nbd7 7. Ng5 Bf5 8. e4
Bg6 9. Qb3 Nc5 10. Qc2 h6 11. Nf3 b5 12. Rb1 Qd7 13. Be3 Ne6 14. Nh4 0-1

[Event "52nd World Juniors 2013"]
[Site "Kocaeli TUR"]
[Date "2013.09.22"]
[Round "9.56"]
[White "Ertekin, Oguzhan"]
[Black "Percin, Onder"]
[Result "0-1"]
[WhiteElo "1583"]
[BlackElo "1838"]
[WhiteFideId "6337481"]
[BlackFideId "6345190"]
[EventDate "2013.09.13"]

1. c4 e5 2. Nc3 Nc6 3. g3 g6 4. Bg2 Bg7 5. e4 d6 6. Nge2 Be6 7. d3 Qd7 8. Nd5
Nd8 9. O-O c6 10. Ne3 Ne7 11. d4 exd4 12. Nxd4 O-O 13. f4 f6 14. f5 Bf7 15. b3
a6 16. Ba3 b5 17. g4 Bh6 18. Ndc2 Nb7 19. h4 g5 20. Bb2 Be8 21. h5 Rd8 22. Rf2
Rc8 23. Rd2 Bg7 24. Qe2 h6 25. Rad1 Bf7 26. Nd4 Na5 27. Ba3 0-1

[Event "52nd World Juniors 2013"]
[Site "Kocaeli TUR"]
[Date "2013.09.22"]
[Round "9.57"]
[White "Garcia Herrera, Enrique Ric"]
[Black "Abdrashev, Arlen"]
[Result "0-1"]
[WhiteTitle "CM"]
[WhiteElo "1653"]
[BlackElo "1745"]
[WhiteFideId "5115124"]
[BlackFideId "13710257"]
[EventDate "2013.09.13"]

1. Nf3 Nf6 2. c4 g6 3. g3 Bg7 4. Bg2 O-O 5. O-O d6 6. Nc3 e5 7. d3 Nbd7 8. Rb1
a5 9. a3 Nh5 10. b4 f5 11. Ng5 Ndf6 12. Qb3 c6 13. b5 c5 14. Nd5 h6 15. Nxf6+
Nxf6 16. Nf3 g5 17. Nd2 Qe7 18. Qc2 Rb8 19. Bb2 f4 20. Ne4 Nxe4 21. Bxe4 b6 22.
a4 Bb7 23. Bxb7 Qxb7 24. f3 h5 25. Kg2 Rf6 26. gxf4 gxf4 27. Rg1 Qd7 28. h3 Qf5
29. Kh2 Kh7 30. Rg2 Rg6 31. Rbg1 Rxg2+ 32. Rxg2 Bf6 33. Qd1 Bh4 34. Qg1 Bg3+ 35.
Rxg3 fxg3+ 36. Qxg3 Rg8 37. Qh4 Rg6 38. Qf2 Qg5 39. h4 Qf4+ 40. Kh3 Qd2 41. Ba1
Qd1 42. Bc3 Qh1+ 0-1

[Event "52nd World Juniors 2013"]
[Site "Kocaeli TUR"]
[Date "2013.09.22"]
[Round "9.58"]
[White "Uraz, Abdullah Kerim"]
[Black "Mesic, Vehid"]
[Result "1-0"]
[WhiteElo "1602"]
[BlackElo "1576"]
[WhiteFideId "2044846"]
[BlackFideId "14404320"]
[EventDate "2013.09.13"]

1. e4 e5 2. Nf3 Nc6 3. Bb5 a6 4. Bxc6 dxc6 5. O-O Bg4 6. h3 h5 7. d3 Qf6 8. Nbd2
Bc5 9. Re1 Ne7 10. Qe2 Ng6 11. hxg4 hxg4 12. g3 Rh3 13. Kg2 1-0

[Event "52nd World Juniors 2013"]
[Site "Kocaeli TUR"]
[Date "2013.09.23"]
[Round "10.1"]
[White "Cori, Jorge"]
[Black "Ipatov, Alexander"]
[Result "1/2-1/2"]
[WhiteTitle "GM"]
[BlackTitle "GM"]
[WhiteElo "2587"]
[BlackElo "2601"]
[WhiteFideId "3802272"]
[BlackFideId "14116731"]
[EventDate "2013.09.13"]

1. d4 d5 2. c4 e6 3. Nc3 Nf6 4. Bg5 Be7 5. Nf3 h6 6. Bh4 O-O 7. e3 b6 8. Rc1 Bb7
9. Bd3 Nbd7 10. O-O c5 11. cxd5 Nxd5 12. Bg3 N7f6 13. Nxd5 Qxd5 14. Bc4 Qe4 15.
Bd3 Qd5 16. Bc4 Qe4 17. Bd3 1/2-1/2

[Event "52nd World Juniors 2013"]
[Site "Kocaeli TUR"]
[Date "2013.09.23"]
[Round "10.2"]
[White "Yu, Yangyi"]
[Black "Indjic, Aleksandar"]
[Result "1-0"]
[WhiteTitle "GM"]
[BlackTitle "IM"]
[WhiteElo "2662"]
[BlackElo "2549"]
[WhiteFideId "8603820"]
[BlackFideId "911925"]
[EventDate "2013.09.13"]

1. e4 c5 2. Nf3 d6 3. d4 cxd4 4. Nxd4 Nf6 5. Nc3 a6 6. Be3 e5 7. Nf3 Qc7 8. a4
Be7 9. Be2 O-O 10. O-O Nbd7 11. Nd2 b6 12. Nc4 Bb7 13. f3 Bc6 14. Bf2 b5 15.
axb5 axb5 16. Rxa8 Rxa8 17. Ne3 b4 18. Nb5 Qb8 19. Nf5 Bxb5 20. Nxe7+ Kf8 21.
Nf5 Bxe2 22. Qxe2 Ra2 23. Rb1 g6 24. Ne3 b3 25. cxb3 Qxb3 26. Qd1 Qb4 27. Qc2
Nb6 28. Be1 Qb5 29. Qd2 Ne8 30. Nd1 Na4 31. h3 Qb3 32. Kh2 Nc5 33. Nc3 Ra7 34.
Qh6+ Kg8 35. Nd5 f6 36. Bh4 Rf7 37. Ra1 Qb7 38. Bf2 Nd7 39. Ra7 Qb8 40. b4 Qd8
41. b5 Ng7 42. b6 Ne6 43. b7 Nb8 44. Qc1 Kg7 45. Qc8 1-0

[Event "52nd World Juniors 2013"]
[Site "Kocaeli TUR"]
[Date "2013.09.23"]
[Round "10.3"]
[White "Ter-Sahakyan, Samvel"]
[Black "Duda, Jan-Krzysztof"]
[Result "1-0"]
[WhiteTitle "GM"]
[BlackTitle "IM"]
[WhiteElo "2575"]
[BlackElo "2534"]
[WhiteFideId "13302531"]
[BlackFideId "1170546"]
[EventDate "2013.09.13"]

1. e4 e5 2. Nf3 Nc6 3. Bb5 a6 4. Ba4 Nf6 5. O-O Be7 6. Re1 b5 7. Bb3 d6 8. c3
O-O 9. h3 Nb8 10. d4 Nbd7 11. Nbd2 Bb7 12. Bc2 Re8 13. Nf1 Bf8 14. Ng3 g6 15. a4
c6 16. Bg5 Qc7 17. Qd2 Bg7 18. Rad1 Rad8 19. Bh6 Nf8 20. Bxg7 Kxg7 21. Qg5 Bc8
22. dxe5 dxe5 23. Rxd8 Rxd8 24. Qxe5 Qxe5 25. Nxe5 c5 26. f3 Ne6 27. Kf2 Nf4 28.
Nf1 g5 29. axb5 axb5 30. Nc6 Rd7 31. Ra1 Rc7 32. Ne5 Nd7 33. Nd3 b4 34. Ne3
Nxd3+ 35. Bxd3 Ne5 36. Bc2 Be6 37. Ke2 b3 38. Bd3 c4 39. Bb1 Rc5 40. Ra6 Ng6 41.
Kf2 h5 42. Nf5+ Kf6 43. g3 h4 44. gxh4 gxh4 45. Ke3 Kg5 46. Ra8 f6 47. Re8 Re5
48. Nd4 Bf7 49. f4+ Kh6 50. Ra8 Rc5 51. Nf5+ Kh7 52. Ra7 Nh8 53. Kd4 Rc8 54. e5
fxe5+ 55. fxe5 Rd8+ 56. Nd6+ Kh6 57. Bf5 Kg5 58. Bg4 Kf4 59. Rd7 Rxd7 60. Bxd7
Bh5 61. e6 Ng6 62. Be8 Kg3 63. Nf5+ Kxh3 64. Ng7 Ne7 65. Nxh5 Kg4 66. Nf6+ Kg3
67. Nd5 Nf5+ 68. Ke5 h3 69. Bc6 h2 70. Nf6 Ne7 71. Bb7 Kf2 72. Kd4 Nf5+ 73. Kc5
Ke2 74. Ng4 Kd2 75. Kb4 Kc1 76. Ka3 Nd6 77. Bc6 Nb5+ 78. Kb4 Nd6 79. Ne3 Kxb2
80. Nxc4+ Ka2 81. e7 b2 82. Nd2 b1=Q+ 83. Nxb1 Kxb1 84. c4 Kb2 85. c5 Ne8 86.
Be4 Nf6 87. Bh1 Ne8 88. c6 Kc2 89. Kc5 Kd3 90. Kb6 Nd6 91. Kc7 Ne8+ 92. Kd8 1-0

[Event "52nd World Juniors 2013"]
[Site "Kocaeli TUR"]
[Date "2013.09.23"]
[Round "10.5"]
[White "Vakhidov, Jahongir"]
[Black "Kovalev, Vladislav"]
[Result "1/2-1/2"]
[WhiteTitle "IM"]
[BlackTitle "IM"]
[WhiteElo "2385"]
[BlackElo "2568"]
[WhiteFideId "14201801"]
[BlackFideId "13504398"]
[EventDate "2013.09.13"]

1. d4 Nf6 2. c4 g6 3. g3 Bg7 4. Bg2 d5 5. cxd5 Nxd5 6. Nf3 O-O 7. O-O Nb6 8. Nc3
Nc6 9. e3 Re8 10. h3 e5 11. d5 Nb4 12. e4 c6 13. a3 Na6 14. dxc6 bxc6 15. Qc2
Nc5 16. Rd1 Qc7 17. Be3 Ne6 18. Bf1 Bb7 19. a4 Rad8 20. Rxd8 Rxd8 21. a5 Nc8 22.
a6 Ba8 23. Rd1 Rxd1 24. Qxd1 c5 25. Nd5 Qd6 26. Bc4 h6 27. Qd2 Kh7 28. Bxh6 Nd4
29. Ng5+ Kg8 30. Bxg7 Kxg7 31. Kg2 f6 32. Nf7 Kxf7 33. Nc7+ Ne6 34. Bxe6+ Ke7
35. Bd5 Bc6 36. Qa5 Nb6 37. Bxc6 Qxc6 38. Nd5+ Nxd5 39. exd5 Qxd5+ 40. Kg1 Qd1+
41. Kg2 Qd5+ 42. Kg1 Qd1+ 43. Kg2 Qd5+ 1/2-1/2